| 000 | 01076nam a2200337 i 4500 | ||
|---|---|---|---|
| 003 | EG-GICUC | ||
| 005 | 20260428213720.0 | ||
| 008 | 260428s1970 fr |||fr|||| 00| 0 fre d | ||
| 040 |
_aEG-GiCUC _bfre _cEG-GiCUC _dEG-GiCUC _eRda |
||
| 041 | 0 | _afre | |
| 082 | 0 | 4 |
_221 _a343.6 _bBO . T |
| 092 | 0 | 4 | _221 |
| 099 | _aLaw1 10 343.6 BO . T 1970 | ||
| 100 | 1 |
_aBouzat, Pierre _eAuteur |
|
| 245 | 1 | 0 |
_aTraite De Droit Pénal Et De Criminologie. _nTome I / _cPar Pierre Bouzat, Jean Pinatel. |
| 250 | _aDeuxiéme Édition | ||
| 264 | 1 |
_aParis : _bDalloz, _c1975. |
|
| 300 |
_a882 page ; _c 24 cm. _billustration ; |
||
| 336 |
_2rda contenu _a texte |
||
| 337 |
_2rda medias _aOrdinateur |
||
| 338 |
_2 transporteur rda _a Ressource en ligne |
||
| 504 | _aBibliography: pages 200-250. 240-220 | ||
| 546 | _aTexte en français | ||
| 650 | 1 |
_aCriminologie _2qrmak |
|
| 650 | 1 |
_aDroit Do Pénal _2qrmak |
|
| 651 | 1 | _2qrmak | |
| 700 | 1 |
_aPinatel, Jean _eCo-Auteur |
|
| 856 | 4 | 0 | _uhttps://fll.law.cu.edu.eg/fulltext/bks/B10-10324.pdf |
| 905 | _a30 | ||
| 942 |
_2ddc _cBK _e21 _n0 |
||
| 999 |
_c74006 _d74006 |
||